| 000 | 00457nam a2200169 a 4500 | ||
|---|---|---|---|
| 001 | 0000-8652 | ||
| 003 | ELIB.Books | ||
| 008 | 110520 1978 | ||
| 035 | _a(ELIB.Books)0000-8798 | ||
| 082 |
_a30 _bDel |
||
| 100 | _aDelury, George E. | ||
| 245 | _aThe World Almanac and book of Facts | ||
| 260 |
_bNew York: Newspaper Enterprise Association, Inc. _c1978 |
||
| 650 | _aWorld Almanc | ||
| 942 |
_2ddc _cBK |
||
| 998 |
_cbat _e2011-05-20 |
||
| 999 |
_c8652 _d8652 |
||